Normal view
MARC view
- TE-37
Entry Geographic Name
001 - CONTROL NUMBER
- control field: 131308
003 - CONTROL NUMBER IDENTIFIER
- control field: NUST
005 - DATE AND TIME OF LATEST TRANSACTION
- control field: 20251021113546.0
008 - FIXED-LENGTH DATA ELEMENTS
- fixed length control field: 251021|| aca||aabn | a|a d
040 ## - CATALOGING SOURCE
- Original cataloging agency: NUST
- Transcribing agency: NUST
151 ## - HEADING--GEOGRAPHIC NAME
- Geographic name: TE-37
670 ## - SOURCE DATA FOUND
- Source citation: Work cat.: (NUST)183107: Durrani, Amman NC (TE-37) 131307, Real time implementation of software radio on DSP /, 2004
